Profile: Saint Valentine Quiz Stats

Quiz Updated Feb 14, 2017

Challenge
Share
Tweet
Embed
Score 0/20 Timer 05:00
3 Plays Today
Clue Answer % Correct
Day of his Roman Catholic feastFebruary 14th
87.3%
Valentine's Day is second to this holiday in number of cards sentChristmas
76.2%
Flower that has been connected with the Valentine's Day since a 16th C. Edmund Spenser poemRose
75.7%
Company that is world's largest producer of greeting cardsHallmark
73.4%
More than 1 billion of these are sent every FebruaryGreeting Cards
70.5%
The St. Valentine's Day Massacre occurred in this U.S. city in 1929Chicago
59.9%
Martyred by Claudius for doing this to couplesMarrying them
59.8%
Roman god of desire now associated with ValentineCupid
58.7%
Legend says the first Valentine's card was sent by Charles, Duke of Orleans when he was imprisoned in this UK landmarkTower of London
55.6%
Is the patron saint of this honey of an occupationBeekeeping
55.1%
Clue Answer % Correct
Century of his death3rd
54.6%
His skull is on display at a Basilica in this European cityRome
52.5%
'Canterbury Tales' author whose writings popularized Valentines DayGeoffrey Chaucer
51.9%
According to the U.S. Greeting Card Assoc., people in this occupation receive the most cardsTeachers
51.5%
Method of his executionBeheading
46.4%
Valentine's Day supplanted Lupercalia, a pagan festival devoted to these founders of RomeRomulus and Remus
43.4%
Feast day is July 30 in this branch of ChristianityEastern Orthodox
41.7%
OccupationPriest
38.7%
Is the patron saint of sufferers of this chronic neurological disorderEpilepsy
13.1%
A church in this UK city claims to house the remainder of his bodyBirmingham
12.4%

You're not logged in!

Compare scores with friends on all Sporcle quizzes.
Sign Up with Email
OR
Log In

You Might Also Like...

Show Comments

Extras

Top Quizzes Today


Score Distribution

Your Account Isn't Verified!

In order to create a playlist on Sporcle, you need to verify the email address you used during registration. Go to your Sporcle Settings to finish the process.